| 000 | 00576nam a2200193 i 4500 | ||
|---|---|---|---|
| 001 | bgj | ||
| 100 | 1 | _aKORFF, H. A. | |
| 245 | 1 | 0 |
_aGeist der Goethezeit : _bVersuch einer ideellen Entwicklung der klassich-romantischen Literaturgeschichte ; _cH. A. Korff. _nBd. 3, _pFrühromantik / |
| 250 | _a3. Aufl. | ||
| 260 |
_aLeipzig : _bKoehler und Amelang, _c1956. |
||
| 300 |
_aXIII, 596 s. ; _c24 cm. |
||
| 650 | 9 | _aLiteratura niemiecka | |
| 040 | _cBPK | ||
| 041 | 0 | _ager | |
| 044 | _aDEU | ||
| 080 | _a821.112.2 | ||
| 942 | _cKS | ||
| 008 | s gw f |000 0 ger | ||
| 999 |
_c50307 _d50307 |
||
| 856 |
_uhttp://koha.tu.koszalin.pl/cgi-bin/koha/opac-detail.pl?biblionumber=50307 _yKatalog online BPK |
||